Arboles y montes (Record no. 25410)

MARC details
000 -LEADER
campo de control de longitud fija 00872nam a2200205 i 4500
001 - NÚMERO DE CONTROL
campo de control 25410
003 - IDENTIFICADOR DE NÚMERO DE CONTROL
campo de control ES-MaACL
005 - FECHA Y HORA DE LA ÚLTIMA TRANSACCIÓN
campo de control 20250904063040.0
007 - CAMPO FIJO DE DESCRIPCIÓN FÍSICA--INFORMACIÓN GENERAL
campo de control de longitud fija t|
008 - DATOS DE LONGITUD FIJA--INFORMACIÓN GENERAL
campo de control de longitud fija 021226s1903 sp ||||1| spa d
080 ## - NÚMERO DE LA CLASIFICACIÓN DECIMAL UNIVERSAL
Número de la Clasificación Decimal Universal 582.091(089.3)
100 1# - ENTRADA PRINCIPAL--NOMBRE DE PERSONA
Nombre de persona Armenteras, Andrés Avelino de,
Fechas asociadas al nombre 1866-1926
9 (RLIN) 22957
245 10 - MENCIÓN DEL TÍTULO
Título Arboles y montes
Resto del título : curiosidades artísticas e históricas de los montes con la explicación de las más beneficiosas influencias del arbolado y de las más importantes nociones forestales /
Mención de responsabilidad, etc. por Andrés Avelino de Armenteras ; con un prólogo de Francisco de Paula Arrillaga.
260 ## - PUBLICACIÓN, DISTRIBUCIÓN, ETC.
Lugar de publicación, distribución, etc. Madrid :
Nombre del editor, distribuidor, etc. Ricardo Rojas,
Fecha de publicación, distribución, etc. 1903.
300 ## - DESCRIPCIÓN FÍSICA
Extensión XX, 276 p. ;
Dimensiones 19 cm.
650 #4 - PUNTO DE ACCESO ADICIONAL DE MATERIA--TÉRMINO DE MATERIA
Término de materia o nombre geográfico como elemento de entrada Árboles-
Subdivisión de forma Curiosidades.
9 (RLIN) 151004
700 1# - ENTRADA AGREGADA--NOMBRE PERSONAL
Nombre de persona Arrillaga y de Garro, Francisco de Paula,
Fechas asociadas al nombre 1846-1920
9 (RLIN) 125722
852 ## - LOCALIZACIÓN
Ubicación ES-MaACL
Número de control de estantería G-12082
Holdings
Estatus retirado Estado de pérdida Estado de daño No para préstamo Biblioteca de origen Biblioteca actual Ubicación en estantería Fecha de adquisición Fuente de adquisición Total de préstamos Signatura topográfica completa Código de barras Visto por última vez Precio de reemplazo Tipo de ítem Koha
        Biblioteca del Ateneo de Madrid Biblioteca del Ateneo de Madrid Sala Pecera Planta 3 17/01/2008     G-12082 1026197 23/02/2023 23/02/2023 Libro impreso